Indian women entrepreneurs/ (Record no. 103216)

MARC details
000 -LEADER
fixed length control field 00566nam a22001817a 4500
005 - DATE AND TIME OF LATEST TRANSACTION
control field 20230628165722.0
010 ## - LCCN (DPL NO)
LC control number ENG-120174
020 ## - INTERNATIONAL STANDARD BOOK NUMBER
International Standard Book Number 9789383278084
Terms of availability 695.00
035 ## - SYSTEM CONTROL NUMBER
System control number EN-103706
037 ## - SOURCE OF ACQUISITION
Source of stock number/acquisition DBAD/PUB
082 ## - DEWEY DECIMAL CLASSIFICATION NUMBER
Classification number 305.4
100 ## - MAIN ENTRY--PERSONAL NAME
Dates associated with a name Krishna Kumar Singh
245 ## - TITLE STATEMENT
Title Indian women entrepreneurs/
Statement of responsibility, etc by Krishna Kumar Singh
260 ## - PUBLICATION, DISTRIBUTION, ETC. (IMPRINT)
Place of publication, distribution, etc Delhi
Name of publisher, distributor, etc Book Treee Publishing House
Date of publication, distribution, etc 2015
270 ## - ADDRESS
Address 1376, Atma Ram Building Behind Indian Bank,Kahmiri Gate
City Delhi
Postal code 110006
300 ## - PHYSICAL DESCRIPTION
Extent vii,259p.
Dimensions 23cm (Hb)
942 ## - ADDED ENTRY ELEMENTS (KOHA)
Source of classification or shelving scheme Dewey Decimal Classification
Item type English Books
Classification part 305.4
Call number suffix KRI
Holdings
Withdrawn status Lost status Not for loan Collection code Home library Current library Date acquired Source of acquisition Cost, normal purchase price Full call number Barcode Copy number Cost, replacement price Koha item type
      Non-fiction Bawana Bawana 03/08/2017 DBAD/PUB 695.00 305.4 KRI EN-103706 1 695.00 English Books

© Delhi Public Library
Hit Counter
free hit counter